| 000 | 00772nam a2200253 a 4500 | ||
|---|---|---|---|
| 001 | 59902 | ||
| 003 | BD-RjUL | ||
| 005 | 20211209080759.0 | ||
| 008 | 161227s1957 nyuab b 001 0 eng | ||
| 035 | _a(BD-RjUL)60026 | ||
| 035 | _a(OCoLC)234593 | ||
| 040 |
_aBD-RjUL _cBD-RjUL _dBD-RjUL _beng |
||
| 041 | _aeng | ||
| 082 | 0 | 0 |
_a338.0973 _bALE 1957 _223 |
| 100 | 1 |
_aAlderfer, Evan Benner, _d1901- _99298 |
|
| 245 | 1 | 0 |
_aEconomics of American industry / _cby E.B. Alderfer and H.E. Michl. |
| 250 | _a3rd ed. | ||
| 260 |
_aNew York, _bMcGraw-Hill, _c1950. |
||
| 300 |
_ax, 710p. : _bill.; _c24 cm. |
||
| 504 | _aBibliography: p. 691-707. and index | ||
| 650 | 0 |
_aIndustries _zUnited States. _98359 |
|
| 700 | 1 |
_aMichl, Herman Edward, _ejoint author. _99299 |
|
| 942 |
_2ddc _cBK |
||
| 999 |
_c59902 _d59902 |
||